Estadísticas para Ciudades más Grandes en el Imperio de Alejandro

Haz click aquí para intentar la prueba.

Estadísticas generales

  • Esta prueba ha sido intentada 1.158 veces
  • La puntuación promedio es 8 de 13

Estadísticas de respuestas

PoblaciónCiudad% Correcto
3.60 MAtenas
91%
16.7 MEl Cairo
84%
5.10 MAlejandria
79%
14.2 MEstambul
78%
13.6 MTeherán
70%
6.75 MBagdad
69%
4.63 MAnkara
68%
3.65 MDamasco
62%
3.80 MIslamabad /
Rawalpindi
48%
3.60 MKabul
39%
24.0 MKarachi
35%
4.08 MKuwait
26%
9.95 MLahore
24%

Distribución de puntuación

Porcentaje por número respondido

Porcentaje de gente con cada puntuación

Historial de tus puntuaciones

No has intentado esta prueba.